| 000 | 00755cam a2200217 4500 | ||
|---|---|---|---|
| 001 | ABS62790 | ||
| 008 | 000000n2000 000 0 eng u | ||
| 035 | _a(Sirsi) u108004 | ||
| 245 | _aInterim findings on Bristol project | ||
| 260 | _c2000 | ||
| 490 |
_aEstate Agent _vAugust 2000, 9(1) |
||
| 520 | _aLooks at the government's interim findings on the seller's pack, currently being piloted in Bristol. Looks at how the seller's pack is working, length of time to assemble the pack, speed of transaction and demand for packs. | ||
| 590 | _aABS | ||
| 650 | _aSELLERS PACKS | ||
| 650 | _aBRISTOL | ||
| 650 | _aPROPERTY TRANSACTIONS | ||
| 650 | _aHOUSE SALES | ||
| 650 | _aESTATE AGENTS | ||
| 690 | _aPROPERTY AND LAND LAW-AGENCY | ||
| 942 | _n0 | ||
| 999 |
_c64521 _d64521 |
||